| 000 | 00344nam a2200121Ia 4500 | ||
|---|---|---|---|
| 008 | 220204s9999 xx 000 0 und d | ||
| 082 |
_a33(083.4)(540) _bECO |
||
| 245 | 0 | _aEconomic survey 1967-68, 1968-69 ,1986-87 and 1987-88 | |
| 260 |
_aDelhi _bMinistry of Finance _c1987 |
||
| 650 | _aEconomic survey | ||
| 650 | _aFiscal policy | ||
| 942 | _cBK | ||
| 999 |
_c24247 _d24247 |
||